00461 a2200157 4500260001100000260005000011245002100061300000900082650001400091260000900105300000900114130000700123710005000130999001700180952010600197 aLusaka bMinistry of Agriculture and Water Development aGeneral agronomy a42p. aAGRONOMIE c1983 bill. lEn aMinistry of Agriculture and Water Development c21184d21184 00104070aBIDOCbBIDOCd0000-00-00l0o120.ESR.11r2009-02-27 00:00:00t1w2009-02-27yLIVRzA.3561